000 01107nam a22002897a 4500
003 AR-BeUNQ
005 20241018143322.0
008 220315b |||||||| |||| 00| 0 spa d
020 _a978959231288
040 _aAR-BeUNQ/ Biblioteca ESET
_cAR-BeUNQ
_eaacr
082 _221
_a982 = 323
_b58881
100 3 _aGojman, Silvia.
_ccoaut.
_d1976
245 _aHaciendo memoria en el país de nunca más /
_cInés Dussel, Silvia Finocchio, Silvia Gojman.
250 _a2ª. ed.
_b3ª reimp.
260 _aBuenos Aires :
_bEudeba,
_c2007
300 _a224 p. ;
_bil. ;
_c23 cm
490 _aDerechos Humanos
500 _aAnexos: fotografia de 1945-1976
600 _aSilvia Finocchio
_ccoaut.
_d1960
650 9 _aHistoria Argentina
_2tell
651 _aArgentina
_2spines
700 _aDussel, Inés
_ecoaut.
929 _aDONACION
_bMinisterio de Educación de la Nación
_d1030$
_e202112
_j58881
_fPAT0081464
929 _aDONACION
_bMinisterio de Educación de la Nación
_e20220208
_j58880
_fPAT0082270
929 _aDONACION
_bMinisterio de Educación de la Nación
_e20220208
_j58879
_fpat0082269
942 _cLIB
999 _c217
_d217